LEADER 01752nam a2200361 u 4500 001 000000079607 003 CaOOAMICUS 005 20070504153050.0 008 040608s2000 it u000 u ita u 020 $a8845915093 035 $a10998271 040 $aPUL$bita 041 1 $aita$alat 100 1 $aBruno, Giordano,$d1548-1600.$0(OLS)http://pul/name/7545 240 10$aGruppi, scelte$9(Bruno, Giordano, 1548-1600).$lItaliano e latino.$0(OLS)http://pul/title/104254 245 10$aOpere magiche /$cGiordano Bruno ; edizione diretta da Michele Ciliberto ; a cura di Simonetta bAssi, Elisabetta Scapparone, Nicoletta Tirinnanzi. 260 $aMilano :$bAdelphi,$cc2000. 300 $acxlii, 1590 p. ;$c24 cm 490 1 $aClassici ;$v67 500 $a"Questa pubblicazione è promossa dal COmitato Nazionale per le celebrazioni di Giordano bruno nel quarto centenario della morte, in collaborazione con l'Istituto Nazionale di Studi sul Rinascimento". 504 $aBibliografia in nota. 650 4$aMagia$xStoria$ySec. XVI-XVII.$0(OLS)http://pul/subject/27640 700 1 $aTirinnanzi, Nicoletta.$0(OLS)http://pul/name/53026 700 1 $aScapparone, Elisabetta.$0(OLS)http://pul/name/53025 700 1 $aCiliberto, Michele,$d1945-$0(OLS)http://pul/name/52213 830 0$aClassici ;$v67.$0(OLS)http://pul/title/824 850 $aPUL 852 $aPUL$W1$xSL Filosofia 3$y81$m133 BRUGI 1$j101842$nBK-PRI$qDDC 21$B101842$CPULBib$Z2$F101842 $HPUL87243 $82 900 $aGiordano Bruno,$d1548-1600$97545 941 1 $a9 996 $6020$a8845915093$9(OLS)http://pul/number/104770 996 $6245$aOpere magiche$9(OLS)http://pul/title/104255 996 $6260$aMilano :$bAdelphi$9(OLS)http://pul/publisher/51018 LEADER 01215nam a2200301 u 4500 001 000000080248 003 CaOOAMICUS 005 20070226123627.0 008 040706s1984 gw u000 u ger u 020 $a3791709011 035 $a11003231 040 $aPUL$bita 130 0 $aBiblia.$pN.T.$pAd Galatas.$lTedesco.$0(OLS)http://pul/title/41204 245 14$aDer Brief an die Galater /$cübersetzt und erklärt von Udo Borse. 260 $aRegensburg :$bPustet,$cc1984. 300 $a262 p. ;$c23 cm 490 1 $aRegensburger Neues Testament 500 $aIndici in appendice. 504 $aBibliografia : p. [35]-39. 630 04$aBiblia.$pN.T.$pAd Galatas$xCommenti.$0(OLS)http://pul/subject/6279 700 1 $aBorse, Udo.$0(OLS)http://pul/name/35628 830 0$aRegensburger Neues Testament.$0(OLS)http://pul/title/18282 850 $aPUL 852 $aPUL$W1$xSL Religione 1$y3$m5 T 8$j102506$nBK-PRI$b $qStampati$B102506$CPULBib$Z2$F102506 $HPUL95641 $81 941 1 $a8 996 $6020$a3791709011$9(OLS)http://pul/number/105999 996 $6245$aDer Brief an die Galater$9(OLS)http://pul/title/105109 996 $6260$aRegensburg :$bPustet$9(OLS)http://pul/publisher/61617